000 01297nam a2200217Ia 4500
003 Ost
005 20260507074902.0
008 260507s9999||||xx |||||||||||||| ||und||
020 _a9957022377
040 _cfsecg
041 _aara
082 _a330
100 _aأبو أحمد، رضا صاحب
_eمؤلف
245 0 _aالخطوط الكبرى في الإقتصاد الوضعي /
_c رضا صاحب أبو أحمد
260 _aعمان:
_bدار مجدلاوي للنشر والتوزيع,
_c2006
300 _a319 صفحة؛
_bإيضاحات ؛
_c25 سم
520 _a علم الإقتصاد ومنهجيته وكيفية حل المشاكل الإقتصادية في الأنظمة الإقتصادية، العرض والطلب، النظرية ال:لاسيكية لسلوك المستهلك، نظرية منحنيات السواء، نظرية الإنتاج، نظرية التكاليف، الإيرادات، هيكل الأسواق، الدخل القومي ومكوناته، التوزيع الوظيفي للدخل القومي، عشر النقود والمصاريف، التجارة الخارجية وميزان المدفوعات والنمو الإقتصادي
653 _aالإقتصاد
653 _aالنظم الإقتصادية
942 _cكتاب
999 _c41659
_d41659